| 000 | 00000nam##2200000za#4500 |
| 001 | 9.663653 |
| 003 | CaOODSP |
| 005 | 20210921095712 |
| 007 | ta |
| 008 | 150407|2002||||xxc||||| f|0| 0 eng|d |
| 020 | |a0-662-66485-X |
| 040 | |aCaOODSP|beng |
| 041 | |aeng |
| 041 | |afre |
| 043 | |an-cn--- |
| 086 | 1 |aRG23-98/2002 |
| 110 | 1 |aCanada. |bOffice of Consumer Affairs. |
| 245 | 12|aA framework for evaluating voluntary codes |
| 260 | |aOttawa - Ontario : |bIndustry Canada. |c2002. |
| 546 | |aBilingual |
| 563 | |aSoftcover |
| 776 | 0#|tA framework for evaluating voluntary codes |w(CaOODSP)9.698603 |
| 776 | 0#|tUn cadre d'évaluation pour les codes volontaires |w(CaOODSP)9.642610 |
| 792 | |tUn cadre d'évaluation pour les codes volontaires |efre|w(CaOODSP)9.663654 |
| 986 | |a53669B |